[Event "Match"]
[Site "www.echecsemail.com"]
[Date "2019.01.07"]
[Round "1"]
[White "Virgil08bv"]
[Black "Gvladutz"]
[WhiteElo "2540"]
[BlackElo "2530"]
[Result "1-0"]
[Round "1"]
1.e4 c5
2.Ng1f3 Nb8c6
3.Bf1b5 g6
4.Bb5xc6 dxc6
5.d3 Bc8g4
6.Nb1d2 Bf8g7
7.h3 Bg4e6
8.O-O Ng8f6
9.Rf1e1 h6
10.a4 Qd8c7
11.e5 Nf6d7
12.Qd1e2 O-O
13.b3 Rf8e8
14.Bc1b2 Ra8d8
15.Qe2e3 f5
16.h4 Re8f8
17.h5 f4
18.Qe3e4 gxh5
19.Nf3h4 Nd7b6
20.Qe4g6 Be6f7
21.Qg6e4 Bf7e6
22.c4 Nb6c8
23.Nd2f3 Be6g4
24.Bb2a3 Qc7b6
25.Ra1b1 Qb6a5
26.Nf3h2 Bg4e6
27.Rb1c1 Qa5b6
28.Rc1c3 Rd8d4
29.Qe4e2 Qb6a5
30.Ba3b2 Qa5b4
31.Qe2xh5 Be6f7
32.Qh5g4 e6
33.Nh2f3 Rf8d8
34.Nf3xd4 cxd4
35.Rc3c1 Qb4xb3
36.Bb2a1 Qb3xd3
37.c5 Nc8e7
38.Qg4xf4 Bf7h5
39.f3 Qd3a6
40.Ba1xd4 Qa6xa4
41.Re1e4 Ne7d5
42.Qf4g3 Rd8d7
43.Rc1a1 Qa4b4
44.Ra1xa7 Nd5c3
45.Ra7a8 Kh7
46.Bd4xc3 Qb4xc5
47.Kh2 Qc5xc3
48.Ra8c8 Qc3d3
49.Qg3e1 Qd3b5
50.Qe1c3 Rd7d3
51.Qc3c2 Qb5b3
52.Qc2xb3 Rd3xb3
53.g4 Bh5g6
54.Nh4xg6 Kxg6
55.Kg3 Rb3b5
56.f4 h5
57.Re4d4 Rb5b1
58.g5 Bg7xe5
59.fxe5 Kxg5
60.Rc8g8 Kf5
61.Rd4f4 Kxe5
62.Rg8g5 Kd6
63.Rf4d4 Kc7
64.Rg5xh5 Rb1g1
65.Kf4 b5
66.Rh5h7 Kb6
67.Rd4e4 Rg1f1
68.Ke5 c5
69.Kxe6 c4
70.Rh7h8 Kc6
71.Rh8b8 Rf1d1
72.Rb8c8 Kb7
73.Rc8c5 Kb6
74.Re4e5 Rd1b1
75.Kd6 Rb1d1
76.Re5d5 Rd1xd5
77.Kxd5 Ka5
78.Rc5c6 Kb4
79.Kd4 Kb3
80.Rc6h6 b4
81.Rh6b6 c3
82.Kd3 Ka4
83.Kc2 Ka5
84.Rb6b8 Ka4
85.Rb8b7 Ka5
86.Kb3 c2
87.Kxc2 Ka4
88.Kb2 { resign }
1-0

[Event "Match"]
[Site "www.echecsemail.com"]
[Date "2019.01.07"]
[Round "1"]
[White "Sonny1000"]
[Black "Ericleo1980"]
[WhiteElo "1530"]
[BlackElo "1920"]
[Result "0-1"]
[Round "1"]
1.e4 c5
2.c4 d6
3.Ng1f3 Ng8f6
4.Nf3g5 h6
5.Ng5xf7 Kxf7
6.Qd1f3 Nb8c6
7.Nb1c3 e6
8.a4 Nc6d4
9.Qf3d3 a6
10.Qd3c2 Nd4xc2
11.Kd1 Nc2xa1
12.Bf1d3 Na1b3
13.Kc2 Nb3d4
14.Kd1 Bc8d7
15.Rh1e1 Qd8c7
16.f3 Bf8e7
17.e5 dxe5
18.Nc3e4 Nf6xe4
19.Bd3xe4 Bd7xa4
20.Be4c2 Ba4xc2
{ resign }
0-1

[Event "Match"]
[Site "www.echecsemail.com"]
[Date "2019.01.07"]
[Round "1"]
[White "Ssharp"]
[Black "Tonino1"]
[WhiteElo "2290"]
[BlackElo "2250"]
[Result "1-0"]
[Round "1"]
1.e4 d6
2.d4 Ng8f6
3.Nb1d2 c6
4.Ng1f3 Qd8c7
5.Bf1e2 e5
6.O-O g6
7.h3 Bf8g7
8.dxe5 dxe5
9.Be2d3 O-O
10.Nd2b3 b6
11.Bc1g5 h6
12.Bg5xf6 Bg7xf6
13.Qd1e2 Bc8e6
14.Nb3d2 Nb8d7
15.c3 Nd7c5
16.Bd3c2 Ra8d8
17.b3 Bf6e7
18.Ra1d1 Rd8d7
19.Nd2c4 f6
20.Rd1xd7 Be6xd7
21.Rf1d1 b5
22.Nc4e3 Nc5e6
23.g3 Ne6g7
24.Kh2 f5
25.exf5 gxf5
26.Ne3g2 Be7d6
27.Nf3h4 e4
28.Nh4g6 Rf8f6
29.Ng6f4 a6
30.b4 Ng7e6
31.Bc2b3 Kh7
32.Bb3xe6 Bd7xe6
33.Nf4xe6 Rf6xe6
34.f4 c5
35.a3 cxb4
36.cxb4 Qc7c3
37.Qe2a2 Re6g6
38.Qa2f7 Qc3g7
39.Qf7xf5 Kh8
40.Qf5xe4 Bd6f8
41.g4 Bf8d6
42.Kh1 Qg7f7
43.f5 Rg6f6
44.Ng2h4 Kg7
45.Nh4g6  { time }
1-0

[Event "Tourn. n10005"]
[Site "www.echecsemail.com"]
[Date "2019.01.07"]
[Round "1"]
[White "Drill64"]
[Black "Apdash"]
[WhiteElo "2280"]
[BlackElo "2330"]
[Result "0-1"]
[Round "1"]
1.Ng1f3 d5
2.g3 c5
3.Bf1g2 Nb8c6
4.c4 Ng8f6
5.cxd5 Nf6xd5
6.O-O e5
7.Nb1c3 Bc8e6
8.Nf3g5 Qd8xg5
9.Nc3xd5 Bf8d6
10.d4 Qg5d8
11.dxc5 Bd6xc5
12.Bc1e3 Nc6d4
13.Be3xd4 Bc5xd4
14.Qd1a4 Be6d7
15.Qa4b3 Bd7c6
16.e3 Bd4b6
17.Nd5xb6 Qd8xb6
18.Qb3xb6 axb6
19.Bg2h3 Ke7
20.a3 Rh8d8
21.Rf1d1 g6
22.Bh3g2 f5
23.Kf1 e4
24.Ke1 Ra8a5
25.Rd1xd8 Kxd8
26.Ra1d1 Ke7
27.Bg2f1 Ra5c5
 { time }
0-1

[Event "Tourn. n9986"]
[Site "www.echecsemail.com"]
[Date "2019.01.07"]
[Round "1"]
[White "Drill64"]
[Black "Zack1984"]
[WhiteElo "2189"]
[BlackElo "2010"]
[Result "0-1"]
[Round "1"]
1.e4 Ng8f6
2.e5 Nf6d5
3.d4 d6
4.c4 Nd5b6
5.exd6 exd6
6.Nb1c3 Bf8e7
7.Bf1d3 Nb8c6
8.Ng1e2 O-O
9.Bc1e3 Nc6b4
10.Bd3b1 Nb6xc4
11.a3 Nc4xe3
12.fxe3 Nb4a6
13.O-O Bc8g4
14.Qd1d3 g6
15.h3 Bg4e6
16.Ne2f4 c6
17.Nf4xe6 fxe6
18.Bb1a2 d5
19.Rf1xf8 Be7xf8
20.Ra1f1 Qd8g5
21.e4 Bf8h6
22.exd5 exd5
23.Rf1f3 Ra8e8
24.Kh2 Qg5c1
25.Nc3d1 Re8e1
 { time }
0-1

[Event "Tourn. n10011"]
[Site "www.echecsemail.com"]
[Date "2019.01.07"]
[Round "1"]
[White "Jesmantiz"]
[Black "Bojan"]
[WhiteElo "2180"]
[BlackElo "1960"]
[Result "0-1"]
[Round "1"]
1.d4 d5
2.e3 a6
3.Bf1d3 Qd8d6
4.f4 Ng8f6
5.Ng1f3 Nb8c6
6.a3 Nf6e4
7.O-O Bc8g4
8.Qd1e1 f6
9.Nb1d2 Ne4xd2
10.Bc1xd2 g6
11.Bd2c3 Bf8g7
12.Nf3d2 Bg4d7
13.Qe1h4 f5
14.Nd2f3 h6
15.Nf3e5 g5
16.Qh4h5 Kd8
17.Ne5f7 Kc8
18.Nf7xd6 exd6
19.Qh5f7 Bg7f8
20.fxg5 hxg5
21.e4 { time. }
0-1

[Event "Match"]
[Site "www.echecsemail.com"]
[Date "2019.01.07"]
[Round "1"]
[White "Pinehill"]
[Black "Erno"]
[WhiteElo "2090"]
[BlackElo "1969"]
[Result "1-0"]
[Round "1"]
1.e4 e5
2.d4 exd4
3.Bf1c4 Bf8b4
4.c3 dxc3
5.bxc3 Qd8f6
6.Bc1b2 Bb4c5
7.Ng1f3 Nb8c6
8.O-O d6
9.Bc4b5 Ng8e7
10.e5 dxe5
11.c4 O-O
12.Rf1e1 Bc8g4
13.Nb1d2 Rf8d8
14.Qd1e2 Bc5b4
15.Bb2xe5 Nc6xe5
16.Qe2xe5 Qf6xe5
17.Re1xe5  { time }
1-0

[Event "Tourn. n10000"]
[Site "www.echecsemail.com"]
[Date "2019.01.07"]
[Round "1"]
[White "Apdash"]
[Black "Drill64"]
[WhiteElo "2330"]
[BlackElo "2330"]
[Result "1-0"]
[Round "1"]
1.e4 c5
2.Ng1f3 Nb8c6
3.d4 cxd4
4.Nf3xd4 e6
5.c3 Qd8c7
6.Bc1e3 Ng8f6
7.Bf1d3 a6
8.h3 Nc6e5
9.O-O b5
10.a4 b4
11.Bd3c2 Bc8b7
12.cxb4 Bb7xe4
13.Bc2xe4 Nf6xe4
14.f3 Ne4f6
15.b5 Ne5c4
16.Be3c1 Bf8c5
17.Kh1 Qc7b6
18.Nd4b3 axb5
19.Nb3xc5 Qb6xc5
20.Nb1c3 b4
21.Nc3b5 O-O
22.b3 Nc4e3
23.Bc1xe3 Qc5xe3
24.Rf1e1 Qe3b6
25.Ra1c1 Ra8c8
26.Qd1d2 Nf6d5
27.Re1e4 Qb6a6
28.Re4g4 Rc8xc1
29.Qd2xc1 Rf8c8
30.Qc1g5 g6
31.h4 f6
32.Qg5h6 Nd5e7
33.h5 Qa6c6
34.hxg6 Qc6c1
35.Qh6xc1 Rc8xc1
36.Kh2  { time }
1-0

[Event "Tourn. n10034"]
[Site "www.echecsemail.com"]
[Date "2019.01.07"]
[Round "1"]
[White "Fegatux"]
[Black "Bojan"]
[WhiteElo "2130"]
[BlackElo "2030"]
[Result "1-0"]
[Round "1"]
1.c4 g5
2.d4 h6
3.Nb1c3 e6
4.e4 d6
5.Bf1d3 Bf8g7
6.Ng1e2 b6
7.O-O Bc8b7
8.Bc1e3 c6
9.Ra1c1 Qd8f6
10.d5 e5
11.Ne2g3 c5
12.Ng3h5 Qf6g6
13.Nh5xg7 Qg6xg7
14.Nc3b5 Kd8
15.Nb5xd6 Bb7a6
16.Nd6f5 Qg7g6
17.Qd1a4 Ba6c8
18.b4 Nb8a6
19.bxc5 bxc5
20.a3 Ng8e7
21.Nf5xe7 Kxe7
22.Rc1b1 Rh8d8
23.Qa4a5 Rd8d6
24.Be3xc5 Na6xc5
25.Qa5xc5 Bc8a6
26.Qc5c7 Rd6d7
27.Qc7xe5 Kf8
28.Qe5h8 { resign }
1-0

[Event "Tourn. n10028"]
[Site "www.echecsemail.com"]
[Date "2019.01.07"]
[Round "1"]
[White "Drill64"]
[Black "Tartan"]
[WhiteElo "2250"]
[BlackElo "2550"]
[Result "0-1"]
[Round "1"]
1.e4 c5
2.Ng1f3 Nb8c6
3.d4 cxd4
4.Nf3xd4 g6
5.c4 Ng8f6
6.Nb1c3 d6
7.Bf1e2 Nc6xd4
8.Qd1xd4 Bf8g7
9.O-O O-O
10.Qd4d3 Bc8d7
 { time }
0-1

[Event "Tourn. n10036"]
[Site "www.echecsemail.com"]
[Date "2019.01.07"]
[Round "1"]
[White "Bojan"]
[Black "Fegatux"]
[WhiteElo "2030"]
[BlackElo "2130"]
[Result "0-1"]
[Round "1"]
1.e4 g6
2.d4 Bf8g7
3.e5 d5
4.Bc1f4 e6
5.Qd1d2 Ng8e7
6.Ng1f3 O-O
7.Bf1d3 b6
8.Bf4g5 c5
9.c3 Bc8a6
10.h4 Ba6xd3
11.Qd2xd3 h6
12.Bg5e3 cxd4
13.cxd4 Ne7f5
14.Be3f4 h5
15.Nb1c3 a6
16.b4 b5
17.Bf4g5 Qd8c7
18.O-O Nb8d7
19.Rf1c1 Qc7b7
20.Nc3e2 Ra8c8
21.Kh2 Rc8c4
22.a3 Rf8c8
23.Kh3 Nd7b6
24.Nf3d2 Rc4xc1
25.Ne2xc1 Nb6a4
26.Nc1e2 Na4b2
27.Qd3b3 Nb2a4
28.f3 Rc8c6
29.g4 hxg4
30.fxg4 Nf5xd4
31.Ne2xd4 Rc6c3
{ resign }
0-1

[Event "Tourn. n10026"]
[Site "www.echecsemail.com"]
[Date "2019.01.07"]
[Round "1"]
[White "Drill64"]
[Black "Rons"]
[WhiteElo "2250"]
[BlackElo "2670"]
[Result "0-1"]
[Round "1"]
1.e4 c5
2.c3 d5
3.exd5 Qd8xd5
4.d4 Ng8f6
5.Ng1f3 e6
6.Bc1e3 cxd4
7.cxd4 Bf8b4
8.Nb1c3 Bc8d7
9.Bf1d3 O-O
10.O-O Bb4xc3
11.bxc3 Bd7b5
12.Ra1b1 Bb5xd3
13.Qd1xd3 b6
14.c4 Qd5e4
15.Qd3d2 Nb8c6
16.Rf1d1 h6
 { time }
0-1

[Event "Match"]
[Site "www.echecsemail.com"]
[Date "2019.01.07"]
[Round "1"]
[White "Tonino1"]
[Black "Liencam2"]
[WhiteElo "2140"]
[BlackElo "2350"]
[Result "0-1"]
[Round "1"]
1.d4 Ng8f6
2.Ng1f3 c5
3.e3 g6
4.Bf1d3 Bf8g7
5.c3 O-O
6.O-O d6
7.Nb1d2 Nb8c6
8.Qd1e2 a6
9.b3 Qd8c7
10.Bc1b2 Bc8g4
11.h3 Bg4d7
12.Ra1c1 b5
13.e4 Ra8b8
14.d5 Nc6a5
15.e5 Nf6xd5
16.exd6 exd6
17.g3 Bd7xh3
18.Rf1e1 Qc7c6
19.Nd2f1 Rb8e8
20.Qe2d1 b4
21.Qd1d2 Nd5xc3
22.Nf1h2 Bh3c8
23.Rc1c2 Bc8b7
24.Re1xe8 Rf8xe8
25.a3 Na5xb3
26.Qd2f4 Nb3d4
27.Bb2xc3 bxc3
28.Kg2 c4
29.Rc2xc3 Nd4xf3
30.Rc3xc4 Nf3e1
31.Kh3 Qc6g2
32.Kg4 Ne1xd3
33.Qf4xd6 h5
34.Kh4 Qg2xh2
 { time }
0-1

[Event "Tourn. n10017"]
[Site "www.echecsemail.com"]
[Date "2019.01.08"]
[Round "1"]
[White "Add"]
[Black "Drill64"]
[WhiteElo "2210"]
[BlackElo "2250"]
[Result "1-0"]
[Round "1"]
1.e4 e6
2.d4 d5
3.e5 c5
4.c3 Nb8c6
5.Ng1f3 Bc8d7
6.Bc1d2 f6
7.Bd2f4 cxd4
8.cxd4 fxe5
9.Nf3xe5 Ng8f6
10.a3 Bf8e7
11.Ne5xd7 Qd8xd7
12.Bf1b5 O-O
13.O-O Nf6e4
14.Bf4e3 a6
15.Bb5a4 Be7d6
16.f3 Ne4f6
17.Qd1d2 Qd7f7
18.Nb1c3 Ra8c8
19.Ba4c2 Qf7h5
20.g3 Nf6d7
21.Qd2e2 Nd7b6
22.Bc2d3 Nb6c4
23.Bd3xc4  { time }
1-0

[Event "Tourn. n10017"]
[Site "www.echecsemail.com"]
[Date "2019.01.08"]
[Round "1"]
[White "Drill64"]
[Black "Bigrezi"]
[WhiteElo "2250"]
[BlackElo "2320"]
[Result "0-1"]
[Round "1"]
1.Ng1f3 d5
2.g3 Nb8c6
3.Bf1g2 e5
4.d3 Ng8f6
5.Nb1d2 Bf8c5
6.O-O O-O
7.c4 e4
8.dxe4 dxe4
9.Nf3g5 e3
10.Nd2e4 exf2
11.Kh1 Qd8xd1
12.Rf1xd1 Nf6xe4
13.Ng5xe4 Bc5d4
14.e3 Bd4e5
15.Ne4xf2 Nc6e7
16.Ra1b1 c6
 { time }
0-1

[Event "Tourn. n10006"]
[Site "www.echecsemail.com"]
[Date "2019.01.08"]
[Round "1"]
[White "Picifarkinca"]
[Black "Julian"]
[WhiteElo "1880"]
[BlackElo "1620"]
[Result "1-0"]
[Round "1"]
1.g3 e5
2.Bf1g2 d5
3.d3 Ng8f6
4.c3 Bc8e6
5.Nb1d2 Bf8d6
6.e4 c6
7.Ng1e2 O-O
8.Qd1c2 Nb8d7
9.O-O Qd8e7
10.b4 Rf8d8
11.a3 a5
12.Bc1b2 axb4
13.axb4 Ra8xa1
14.Rf1xa1 b5
15.Nd2b3 c5
16.bxc5 Nd7xc5
17.Nb3xc5 Bd6xc5
18.d4 exd4
19.cxd4 Bc5b6
20.e5 Nf6e4
{ time. }
1-0

[Event "Tourn. n10040"]
[Site "www.echecsemail.com"]
[Date "2019.01.08"]
[Round "1"]
[White "Bojan"]
[Black "Caroluigi"]
[WhiteElo "1900"]
[BlackElo "1980"]
[Result "1/2-1/2"]
[Round "1"]
1.e4 e5
2.Ng1f3 Nb8c6
3.d4 exd4
4.Nf3xd4 d6
5.Nd4xc6 bxc6
6.Qd1f3 Ng8f6
7.Bc1g5 Bf8e7
8.Nb1c3 Bc8g4
9.Qf3e3 O-O
10.Bf1d3 Rf8e8
11.O-O d5
12.f3 d4
13.Qe3e2 dxc3
14.fxg4 cxb2
15.Ra1b1 Ra8b8
16.Rf1f3 Nf6d5
17.Bg5xe7 Re8xe7
18.Qe2d2 Nd5f6
19.h3 Nf6xe4
20.Qd2a5 Qd8d4
21.Kh2 Ne4f6
22.Rf3f1 Nf6d5
23.Rf1d1 Qd4b6
24.Qa5a3 Re7e8
25.c4 Qb6b4
26.Qa3xb4 Nd5xb4
27.Rb1xb2 c5
28.Bd3f5 g6
29.Bf5b1 Rb8b6
30.Rb2f2 Rb6d6
31.Rd1f1 Re8e7
32.a3 Nb4c6
33.Bb1c2 Nc6d4
34.Bc2a4 Rd6a6
35.Ba4d1 Ra6xa3
36.Bd1f3 Nd4xf3
37.gxf3 Re7e3
38.Kg2 Re3c3
39.Rf1b1 Rc3xc4
40.Rb1b7 c6
41.Rb7c7 Ra3a6
42.Rf2b2 g5
43.Kg3 Rc4c3
44.Rb2d2 Ra6a3
45.Rd2f2 Rc3c1
46.h4 Rc1g1
47.Kh2 Ra3a1
48.hxg5 Rg1e1
49.Rc7xc6 Re1e5
50.f4 Re5d5
51.Rf2f3 Rd5d2
52.Kg3 Ra1g1
53.Kh3 Rd2d1
54.f5 Rg1h1
55.Kg3 Rd1g1
56.Kf4 Rh1h4
57.Rf3g3 Rg1c1
58.f6 h6
59.gxh6 Rh4xh6
60.g5 Rh6h4
61.Ke5 Kh7
62.Rc6c7 Kg6
63.Rc7xa7 Rh4h5
64.Ke4 Rh5xg5
65.Rg3xg5 Kxg5
66.Ra7xf7 Rc1f1
67.Ke5 c4
68.Rf7g7 Kh6
69.Rg7g2 c3
70.Ke6 Rf1e1
71.Kf7 Re1f1
72.Ke6 { draw }
1/2-1/2

[Event "Tourn. n9981"]
[Site "www.echecsemail.com"]
[Date "2019.01.08"]
[Round "1"]
[White "Drill64"]
[Black "Bevittsmith"]
[WhiteElo "2149"]
[BlackElo "2220"]
[Result "0-1"]
[Round "1"]
1.e4 e6
2.d4 d5
3.exd5 exd5
4.Bf1d3 Nb8c6
5.Ng1f3 Ng8f6
6.h3 Bf8e7
7.c3 Bc8e6
8.O-O O-O
9.Rf1e1 Qd8c8
10.Nf3e5 Nc6xe5
11.dxe5 Nf6e8
12.Qd1f3 f6
13.Qf3h5 f5
14.Bc1g5 Be7xg5
15.Qh5xg5 Qc8d8
16.Qg5xd8 Ra8xd8
17.Nb1a3 a6
18.Na3c2 c5
19.b3 Ne8c7
20.f4 Nc7b5
21.Bd3xb5 axb5
22.b4 b6
23.Kf2 Rf8f7
24.a3 Rf7c7
25.Ra1c1 d4
26.cxd4 cxd4
27.Nc2xd4 Rc7xc1
28.Nd4xe6 Rd8d2
29.Re1e2 Rd2xe2
30.Kxe2 Rc1c2
31.Kf1 Rc2c3
32.Ne6d4 Rc3xa3
33.Nd4xb5 Ra3b3
 { time }
0-1

[Event "Match"]
[Site "www.echecsemail.com"]
[Date "2019.01.08"]
[Round "1"]
[White "Comrade"]
[Black "Tonino1"]
[WhiteElo "2330"]
[BlackElo "2140"]
[Result "1-0"]
[Round "1"]
1.c4 d6
2.Nb1c3 Ng8f6
3.d4 c6
4.e4 Qd8c7
5.f4 e5
6.fxe5 dxe5
7.d5 Bf8e7
8.a3 O-O
9.Bf1e2 a5
10.Ng1f3 Nf6e8
11.Bc1e3 f5
12.g3 h6
13.Qd1c2 f4
14.gxf4 exf4
15.Be3d4 Bc8g4
16.Rh1g1 Bg4xf3
17.Be2xf3 Be7h4
18.Kd2 Nb8d7
19.Kc1 Nd7e5
20.Qc2e2 Ne8f6
21.c5 Ne5xf3
22.Qe2xf3 cxd5
23.exd5 Rf8f7
24.Kc2 Ra8c8
25.b4 b6
26.c6 axb4
27.axb4 Qc7d6
28.b5 Qd6b4
29.Bd4xb6 Rf7e7
30.Ra1a4 Qb4d6
31.Qf3xf4 Qd6xf4
32.Ra4xf4 Bh4g5
33.Rg1xg5 hxg5
34.Rf4xf6 gxf6
35.d6 Re7e8
36.d7 Re8f8
37.dxc8Q Rf8xc8
38.Nc3e4  { time }
1-0

[Event "Tourn. n10000"]
[Site "www.echecsemail.com"]
[Date "2019.01.08"]
[Round "1"]
[White "Drill64"]
[Black "Rons"]
[WhiteElo "2330"]
[BlackElo "2630"]
[Result "0-1"]
[Round "1"]
1.e4 c5
2.c3 d5
3.exd5 Qd8xd5
4.d4 Ng8f6
5.Ng1f3 e6
6.Bc1e3 cxd4
7.cxd4 Bf8b4
8.Nb1c3 Bc8d7
9.a3 Bb4xc3
10.bxc3 Qd5a5
11.Qd1b3 O-O
12.Nf3e5 Rf8d8
13.Bf1e2 Nb8c6
14.O-O Nc6xe5
15.dxe5 Qa5xe5
16.Rf1e1 Bd7c6
17.Be3d4 Qe5g5
18.Be2f1 Nf6e4
19.Qb3b2 Ne4d2
20.Bd4e3 Nd2f3
21.Kh1 Qg5h5
22.Be3f4 e5
23.Bf4g3 Nf3xe1
24.Ra1xe1 Rd8d1
25.Re1xd1 Qh5xd1
26.Kg1 Ra8d8
27.Bg3xe5 Rd8d2
28.Qb2b4 Qd1e1
29.Be5g3 Rd2d1
30.Qb4c4 b5
31.f3 bxc4
32.Bg3xe1 Rd1xe1
33.Kf2 Re1c1
34.Bf1xc4 Rc1xc3
 { time }
0-1

[Event "Tourn. n10029"]
[Site "www.echecsemail.com"]
[Date "2019.01.08"]
[Round "1"]
[White "Drill64"]
[Black "Tartan"]
[WhiteElo "2190"]
[BlackElo "2550"]
[Result "0-1"]
[Round "1"]
1.e4 e6
2.Ng1f3 c5
3.c3 d5
4.exd5 exd5
5.d4 Nb8c6
6.Bf1b5 Bf8d6
7.dxc5 Bd6xc5
8.O-O Ng8e7
9.Nb1d2 O-O
 { time }
0-1

[Event "Tourn. n9980"]
[Site "www.echecsemail.com"]
[Date "2019.01.08"]
[Round "1"]
[White "Roque1"]
[Black "Tbsundar"]
[WhiteElo "1960"]
[BlackElo "1880"]
[Result "0-1"]
[Round "1"]
1.e4 e5
2.Ng1f3 Nb8c6
3.Bf1b5 a6
4.Bb5a4 Ng8f6
5.O-O Bf8e7
6.Nb1c3 b5
7.Ba4b3 d6
8.d3 Bc8g4
9.Nc3d5 Nf6xd5
10.Bb3xd5 Nc6d4
11.Bd5xa8 Qd8xa8
12.Bc1e3 Nd4xf3
13.gxf3 Bg4h3
14.Rf1e1 c5
15.Kh1 f5
16.f4 O-O
17.Re1g1 exf4
18.Qd1h5 Bh3g4
19.Rg1xg4 fxg4
20.Qh5xg4 fxe3
21.Qg4e6 Rf8f7
22.fxe3 Kf8
23.Kg2 Qa8e8
24.b3 Rf7f6
25.Qe6h3 Qe8f7
26.Kh1 Kg8
27.Ra1g1 Rf6f2
28.Rg1g2 Rf2f1
29.Rg2g1 Qf7f3
30.Qh3g2 Rf1xg1
31.Kxg1 Qf3xe3
32.Qg2f2 Qe3d4
33.Kg2 Qd4xf2
34.Kxf2 Be7f6
35.Kf3 Kf7
36.Kg4 Kg6
37.h3 h5
38.Kf4 Bf6g5
39.Kg3 Kf6
40.Kf3 Ke5
41.Kg3 Kd4
42.h4 Bg5h6
43.Kf3 Kc3
44.e5 dxe5
45.Ke4 Kxc2
46.Kxe5 Kxd3
47.Kf5 c4
48.Ke5 c3
{ resign }
0-1

[Event "Tourn. n9992"]
[Site "www.echecsemail.com"]
[Date "2019.01.08"]
[Round "1"]
[White "Greghghs"]
[Black "Drill64"]
[WhiteElo "2490"]
[BlackElo "2280"]
[Result "1-0"]
[Round "1"]
1.e4 c5
2.Ng1f3 Nb8c6
3.d4 cxd4
4.Nf3xd4 Ng8f6
5.Nb1c3 e5
6.Nd4b5 d6
7.Bc1g5 a6
8.Nb5a3 b5
9.Bg5xf6 gxf6
10.Nc3d5 f5
11.g3 Bc8e6
12.exf5 Be6xf5
13.Bf1g2 Ra8c8
14.O-O Bf8g7
15.c3 O-O
16.Na3c2 Kh8
17.a4 Bf5xc2
18.Qd1xc2 f5
19.Qc2e2 Nc6e7
20.axb5  { time }
1-0

[Event "Tourn. n10008"]
[Site "www.echecsemail.com"]
[Date "2019.01.08"]
[Round "1"]
[White "Pariolinius"]
[Black "Wegaman"]
[WhiteElo "1860"]
[BlackElo "1990"]
[Result "1/2-1/2"]
[Round "1"]
1.c4 e5
2.Nb1c3 Ng8f6
3.g3 Bf8e7
4.Bf1g2 d6
5.e4 Bc8e6
6.b3 O-O
7.Ng1f3 Nb8c6
8.O-O Rf8e8
9.d4 exd4
10.Nf3xd4 Nc6xd4
11.Qd1xd4 Nf6d7
12.Bc1b2 Be7f6
13.Qd4e3 b6
14.Ra1d1 h6
15.Bb2a1 Nd7e5
16.Nc3d5 Be6xd5
17.cxd5 Ne5g6
18.Ba1xf6 Qd8xf6
19.Qe3d2 Ng6e5
20.Qd2e3 a5
21.Rd1c1 Ra8c8
22.Bg2h3 Rc8b8
23.Rc1xc7 Ne5f3
24.Kg2 Nf3g5
25.Bh3f5 g6
26.Bf5d7 Re8xe4
27.Qe3d3 Re4d4
28.Qd3e3 Rd4xd5
29.Rc7c8 Rb8xc8
30.Bd7xc8 Rd5c5
31.Bc8b7 Qf6d8
32.Bb7a6 Qd8d7
33.Ba6c4 Qd7h3
34.Kg1 Rc5f5
35.f4 Ng5h7
36.Bc4d3 Rf5h5
37.Rf1f2 Rh5c5
38.Bd3f1 Qh3d7
39.Kg2 Nh7f6
40.Bf1e2 Nf6d5
41.Qe3d2 Nd5f6
42.Qd2d4 Qd7e7
{ draw }
1/2-1/2

[Event "Match"]
[Site "www.echecsemail.com"]
[Date "2019.01.08"]
[Round "1"]
[White "Karlgrocer"]
[Black "Coraza"]
[WhiteElo "1920"]
[BlackElo "1790"]
[Result "1-0"]
[Round "1"]
1.d4 d5
2.Ng1f3 Bc8g4
3.e3 a6
4.Bf1e2 Nb8c6
5.O-O Qd8d6
6.Nf3d2 Bg4f5
7.a3 O-O-O
8.c4 Ng8f6
9.c5 Qd6e6
10.b4 Nf6d7
11.Bc1b2 Bf5e4
12.Nd2xe4 Qe6xe4
13.b5 Nc6b8
14.bxa6 bxa6
15.Qd1a4 Kb7
16.Nb1c3 Qe4f5
17.Ra1b1 Ka7
18.Qa4b3 Nb8c6
19.Qb3xd5 Qf5f6
20.Be2f3 Nd7b8
21.Qd5b3 Nc6a5
22.Qb3a2 e6
23.Nc3a4 Qf6h6
24.Bb2c3 c6
25.Na4b6 Na5b7
26.a4 g5
27.Qa2b2 Rh8g8
28.Nb6c4 Rd8d7
29.Nc4a5 Bf8g7
30.Na5xb7 g4
31.Bf3e4 f5
32.Be4d3 g3
33.fxg3 Qh6xe3
34.Kh1 Qe3xd3
35.Nb7d6 Bg7f8
36.Qb2xb8 { resign }
1-0

[Event "Tourn. n10034"]
[Site "www.echecsemail.com"]
[Date "2019.01.08"]
[Round "1"]
[White "Coolant"]
[Black "Bojan"]
[WhiteElo "2260"]
[BlackElo "2030"]
[Result "1-0"]
[Round "1"]
1.f4 e6
2.Ng1f3 h6
3.d4 Ng8f6
4.Nb1d2 d5
5.e3 a6
6.Bf1d3 c5
7.c3 c4
8.Bd3c2 Nf6g4
9.Qd1e2 Ng4f6
10.O-O Bc8d7
11.Nf3e5 Bd7c8
12.e4 dxe4
13.Nd2xe4 b5
14.Qe2f3 Ra8a7
15.a4 b4
16.Ne4xf6 Qd8xf6
17.Bc1e3 Ra7c7
18.Qf3a8 Nb8d7
19.Ne5xd7 Kxd7
20.Bc2e4 Bf8d6
21.f5 e5
22.Ra1d1 Rh8e8
23.dxe5 Qf6xe5
24.Be3f4 Qe5c5
25.Rf1f2 Re8e5
26.Bf4xe5 Qc5xe5
27.Rf2d2 Qe5c5
28.Kf1 bxc3
29.Rd2xd6 Ke7
30.Rd6d5 Qc5b6
31.bxc3 Bc8b7
32.Qa8d8 { resign }
1-0

[Event "Tourn. n10014"]
[Site "www.echecsemail.com"]
[Date "2019.01.08"]
[Round "1"]
[White "Drill64"]
[Black "Rons"]
[WhiteElo "2260"]
[BlackElo "2650"]
[Result "0-1"]
[Round "1"]
1.Ng1f3 Ng8f6
2.c4 e6
3.g3 d5
4.Bf1g2 dxc4
5.Qd1a4 Bc8d7
6.Qa4xc4 c5
7.O-O Nb8c6
8.d4 b5
9.Qc4d3 c4
10.Qd3d1 Ra8c8
11.Bc1g5 Bf8e7
12.Nb1d2 O-O
13.e4 h6
14.Bg5xf6 Be7xf6
15.e5 Bf6e7
16.Nd2e4 Qd8b6
17.a4 b4
18.Qd1d2 Rf8d8
19.Rf1d1 Bd7e8
20.Bg2f1 Nc6a5
21.Qd2f4 c3
22.bxc3 bxc3
23.Qf4g4 h5
 { time }
0-1

[Event "Tourn. n10028"]
[Site "www.echecsemail.com"]
[Date "2019.01.08"]
[Round "1"]
[White "Tonino1"]
[Black "Drill64"]
[WhiteElo "2310"]
[BlackElo "2250"]
[Result "1-0"]
[Round "1"]
1.d4 f5
2.Ng1f3 Ng8f6
3.e3 g6
4.Bf1d3 Bf8g7
5.Nb1d2 d6
6.O-O O-O
7.Qd1e2 h6
8.c3 Nb8d7
9.b3 e5
10.dxe5 dxe5
11.e4 f4
12.Bc1a3 Rf8f7
13.Bd3c4 c6
14.Bc4xf7 Kxf7
15.Nd2c4 Nf6e8
16.Ra1d1 Qd8f6
17.Nc4d6  { time }
1-0

[Event "Tourn. n10032"]
[Site "www.echecsemail.com"]
[Date "2019.01.08"]
[Round "1"]
[White "Bojan"]
[Black "Sorim"]
[WhiteElo "2050"]
[BlackElo "2080"]
[Result "0-1"]
[Round "1"]
1.d4 d5
2.Bc1f4 Bc8f5
3.c3 e6
4.Ng1f3 c5
5.Nb1d2 Nb8c6
6.Qd1a4 Ng8f6
7.Nf3e5 Qd8b6
8.e4 Nf6xe4
9.Bf1b5 Ra8c8
10.Ne5xc6 bxc6
11.Bb5e2 Ne4xd2
12.Bf4xd2 cxd4
13.b3 dxc3
14.Bd2xc3 f6
15.O-O Bf8d6
16.Bc3a5 Qb6b8
17.g3 O-O
18.Be2a6 c5
19.Ba6xc8 Rf8xc8
20.f3 c4
21.Rf1f2 Bd6c5
22.bxc4 Bc5xf2
23.Kg2 Bf2d4
24.Ra1e1 Rc8xc4
25.Qa4d7 Qb8b2
26.Kh1 h6
27.g4 Qb2f2
{ resign }
0-1

[Event "Tourn. n9992"]
[Site "www.echecsemail.com"]
[Date "2019.01.08"]
[Round "1"]
[White "Tartan"]
[Black "Drill64"]
[WhiteElo "2610"]
[BlackElo "2300"]
[Result "1-0"]
[Round "1"]
1.d4 Ng8f6
2.c4 e6
3.Nb1c3 Bf8b4
4.Qd1c2 O-O
5.a3 Bb4xc3
6.Qc2xc3 b6
7.Bc1g5 Bc8b7
8.f3 h6
9.Bg5h4 d5
10.e3 Nb8d7
11.cxd5 Bb7xd5
12.Bf1a6 c5
13.Ng1e2 cxd4
14.exd4 g5
15.Bh4g3 Nd7b8
16.Ba6b5 Nb8d7
17.O-O Qd8e7
18.Qc3d3 Nf6h5
19.Bg3e1 Kg7
20.Be1b4 Qe7d8
21.Bb4xf8  { time }
1-0

[Event "Tourn. n10032"]
[Site "www.echecsemail.com"]
[Date "2019.01.08"]
[Round "1"]
[White "Sorim"]
[Black "Malbertan"]
[WhiteElo "2080"]
[BlackElo "2000"]
[Result "1-0"]
[Round "1"]
1.e4 Ng8f6
2.e5 Nf6g8
3.Ng1f3 d6
4.d4 dxe5
5.Nf3xe5 c5
6.Bc1e3 cxd4
7.Be3xd4 f6
8.Qd1h5 g6
9.Ne5xg6 hxg6
10.Qh5xg6 Kd7
11.Nb1c3 Nb8c6
12.O-O-O Nc6xd4
13.Rd1xd4 { resign }
1-0

[Event "Tourn. n10026"]
[Site "www.echecsemail.com"]
[Date "2019.01.08"]
[Round "1"]
[White "Tonino1"]
[Black "Drill64"]
[WhiteElo "2310"]
[BlackElo "2250"]
[Result "1-0"]
[Round "1"]
1.d4 e6
2.Ng1f3 c5
3.e3 b6
4.Bf1d3 Bc8b7
5.Nb1d2 Ng8f6
6.O-O d6
7.Qd1e2 Nb8d7
8.c3 Bf8e7
9.b3 O-O
10.Bc1b2 Rf8e8
11.Nf3e1 cxd4
12.exd4 Qd8c7
13.Ra1c1 Ra8c8
14.f4 Rc8d8
15.Nd2e4 Nf6xe4
16.Bd3xe4 Bb7xe4
17.Qe2xe4 Nd7f6
18.Qe4f3  { time }
1-0

[Event "Match"]
[Site "www.echecsemail.com"]
[Date "2019.01.08"]
[Round "1"]
[White "Obisporey"]
[Black "Apdash"]
[WhiteElo "2550"]
[BlackElo "2320"]
[Result "1-0"]
[Round "1"]
1.d4 g6
2.e4 Bf8g7
3.c4 d6
4.Nb1c3 Nb8d7
5.Bc1e3 c6
6.Bf1e2 Qd8c7
7.f4 e6
8.Ng1f3 a6
9.O-O Ng8e7
10.Ra1c1 b6
11.e5 O-O
12.Be3f2 dxe5
13.dxe5 Bc8b7
14.Qd1d6 Qc7xd6
15.exd6 Ne7f5
16.g4 Nf5h6
17.Nf3e5 Bg7xe5
18.fxe5 Nd7xe5
19.Bf2xb6 Nh6xg4
20.Be2xg4 Ne5xg4
21.d7 Ng4e5
22.Rf1d1 Ne5xd7
23.Rd1xd7 Bb7c8
24.Rd7d6 Ra8b8
25.Bb6c5 Rb8xb2
26.Rd6d3 Rf8e8
27.Nc3e4 f5
28.Ne4f6 Kf7
29.Nf6xe8 Kxe8
30.Rc1d1 Kf7
31.Rd3d8 Rb2b8
32.Bc5d6 Rb8a8
33.Bd6e5 g5
34.h4 h6
35.h5 a5
36.Rd8h8 f4
37.Rd1d8 { resign }
1-0